[Event "COL-ch U1700"]
[Site "Pereira"]
[Date "2022.02.20"]
[Round "8"]
[White "Andrade Gomez, Samuel"]
[Black "Diaz Larrea, Juan Manuel"]
[Result "1/2-1/2"]
[WhiteElo "1132"]
[BlackElo "1692"]
[PlyCount "63"]
[EventDate "2022.02.16"]
[EventType "swiss"]
[EventRounds "9"]
[EventCountry "COL"]
[SourceTitle "CBM 207 Extra"]
[Source "ChessBase"]
[SourceDate "2022.05.31"]
[SourceVersion "1"]
[SourceVersionDate "2022.05.31"]
[SourceQuality "1"]

1. e4 e5 2. Nf3 Nc6 3. Nc3 Nf6 4. d4 exd4 5. Nxd4 Bc5 6. Nxc6 bxc6 7. Bd3 0-0 8. 0-0 d5 9. exd5 cxd5 10. h3 h6 11. Bf4 c6 12. Re1 Qb6 13. Qf3 Qxb2 14. Na4 Qa3 15. Nxc5 Qxc5 16. Qg3 Ne8 17. Bxh6 Be6 18. Bd2 Qd4 19. Bc3 Qa4 20. f4 d4 21. Bd2 Nd6 22. Qg5 Bc4 23. a3 Bxd3 24. cxd3 Qb5 25. Qxb5 Nxb5 26. a4 Nd6 27. Bb4 Rfd8 28. Ba5 Re8 29. Rxe8+ Rxe8 30. Bb4 Nb7 31. Rc1 Rc8 32. a5 1/2-1/2

[Event "COL-ch U1700"]
[Site "Pereira"]
[Date "2022.02.20"]
[Round "9"]
[White "Andrade Gomez, Samuel"]
[Black "Soler Gonzalez, Juan Fernando"]
[Result "0-1"]
[WhiteElo "1132"]
[BlackElo "1492"]
[PlyCount "62"]
[EventDate "2022.02.16"]
[EventType "swiss"]
[EventRounds "9"]
[EventCountry "COL"]
[SourceTitle "CBM 207 Extra"]
[Source "ChessBase"]
[SourceDate "2022.05.31"]
[SourceVersion "1"]
[SourceVersionDate "2022.05.31"]
[SourceQuality "1"]

1. d4 e6 2. c4 d5 3. e3 Nf6 4. Nc3 a6 5. Bd3 dxc4 6. Bxc4 b5 7. Bd3 Bb7 8. Nf3 Be7 9. 0-0 0-0 10. a3 Nbd7 11. b4 Nd5 12. Nxd5 Bxd5 13. Bb2 Nb6 14. Ne5 Bd6 15. e4 Bb7 16. Qc2 Bxe5 17. dxe5 Na4 18. Rad1 Qe7 19. Bd4 Rac8 20. Qe2 c5 21. bxc5 Nxc5 22. Bxc5 Qxc5 23. Qb2 Qc3 24. Qa1 h6 25. f4 Rfd8 26. Be2 Qe3+ 27. Rf2 Rxd1+ 28. Qxd1 Rc1 29. Qxc1 Qxc1+ 30. Bf1 Bxe4 31. h3 Bd3 0-1

[Event "COL-ch U1700"]
[Site "Pereira"]
[Date "2022.02.19"]
[Round "7"]
[White "Celis Vargas, Walter Enrique"]
[Black "Andrade Gomez, Samuel"]
[Result "0-1"]
[WhiteElo "1637"]
[BlackElo "1132"]
[PlyCount "76"]
[EventDate "2022.02.16"]
[EventType "swiss"]
[EventRounds "9"]
[EventCountry "COL"]
[SourceTitle "CBM 207 Extra"]
[Source "ChessBase"]
[SourceDate "2022.05.31"]
[SourceVersion "1"]
[SourceVersionDate "2022.05.31"]
[SourceQuality "1"]

1. e4 c5 2. Nf3 g6 3. d4 cxd4 4. Nxd4 Bg7 5. Be2 Nc6 6. Nxc6 bxc6 7. 0-0 d6 8. Nc3 Nf6 9. Bg5 0-0 10. Qd2 Re8 11. Rfd1 Be6 12. Bh6 Bh8 13. Qg5 Nd7 14. h4 Bf6 15. Qg3 Nc5 16. h5 Qa5 17. hxg6 fxg6 18. a3 Na4 19. Nxa4 Qxa4 20. Bd3 Bxb2 21. Rab1 Qxa3 22. f4 Bg7 23. Bxg7 Qc5+ 24. Kh1 Kxg7 25. f5 Bf7 26. Rb7 Rab8 27. Rdb1 Rxb7 28. Rxb7 a5 29. Qg5 Qe5 30. Ra7 Rb8 31. f6+ Qxf6 32. Qxf6+ Kxf6 33. Rxa5 c5 34. Ra1 Rb2 35. Rc1 Ke5 36. Kh2 c4 37. Be2 Kxe4 38. Bf3+ Kd4 0-1

[Event "COL-ch U1700"]
[Site "Pereira"]
[Date "2022.02.16"]
[Round "1"]
[White "Garcia, Juan Jose"]
[Black "Andrade Gomez, Samuel"]
[Result "1-0"]
[WhiteElo "1618"]
[BlackElo "1132"]
[PlyCount "69"]
[EventDate "2022.02.16"]
[EventType "swiss"]
[EventRounds "9"]
[EventCountry "COL"]
[SourceTitle "CBM 207 Extra"]
[Source "ChessBase"]
[SourceDate "2022.05.31"]
[SourceVersion "1"]
[SourceVersionDate "2022.05.31"]
[SourceQuality "1"]

1. e4 c5 2. Nc3 d6 3. d4 cxd4 4. Qxd4 Nc6 5. Qd2 g6 6. b3 Bg7 7. Bb2 Nf6 8. 0-0-0 0-0 9. f3 Be6 10. Nge2 Qa5 11. Kb1 Rfd8 12. Nf4 Bh6 13. a3 Nh5 14. g3 Bc8 15. b4 Bxf4 16. gxf4 Qc7 17. Nd5 Qd7 18. b5 Nb8 19. Qc3 f6 20. Nc7 b6 21. Bc4+ Kh8 22. Be6 Qxe6 23. Nxe6 Bxe6 24. e5 Rc8 25. Qd2 dxe5 26. fxe5 Nd7 27. exf6 Nhxf6 28. Rhe1 Bf5 29. Rxe7 Rxc2 30. Qxc2 Bxc2+ 31. Kxc2 Rc8+ 32. Kb1 Kg8 33. Rdxd7 Nxd7 34. Rxd7 Rc5 35. a4 1-0